<?xml version="1.0" encoding="UTF-8"?>
<record
    xmlns:xsi="http://www.w3.org/2001/XMLSchema-instance"
    xsi:schemaLocation="http://www.loc.gov/MARC21/slim http://www.loc.gov/standards/marcxml/schema/MARC21slim.xsd"
    xmlns="http://www.loc.gov/MARC21/slim">

  <leader>02445nam a2200361 a 4500</leader>
  <controlfield tag="001">BRCA_1956</controlfield>
  <controlfield tag="005">20190320203621.0</controlfield>
  <controlfield tag="008">890704m19881993sp-a---g#e---#000-0#spa-d</controlfield>
  <datafield tag="020" ind1=" " ind2=" ">
    <subfield code="a">8432089001 (Obra completa)</subfield>
  </datafield>
  <datafield tag="020" ind1=" " ind2=" ">
    <subfield code="a">843206680X (Obra completa)</subfield>
  </datafield>
  <datafield tag="041" ind1=" " ind2=" ">
    <subfield code="a">spa</subfield>
  </datafield>
  <datafield tag="050" ind1=" " ind2="4">
    <subfield code="a">N5300</subfield>
    <subfield code="b">.M55 1988</subfield>
  </datafield>
  <datafield tag="100" ind1="1" ind2=" ">
    <subfield code="a">Milicua, Jos&#xE9;</subfield>
    <subfield code="9">6007</subfield>
  </datafield>
  <datafield tag="245" ind1="1" ind2="0">
    <subfield code="a">Historia universal del arte.</subfield>
    <subfield code="c">Jos&#xE9; Milicua.</subfield>
  </datafield>
  <datafield tag="260" ind1=" " ind2=" ">
    <subfield code="a">Barcelona</subfield>
    <subfield code="b">Planeta</subfield>
    <subfield code="c">1988-1989-1993</subfield>
  </datafield>
  <datafield tag="300" ind1=" " ind2=" ">
    <subfield code="a">11 v.</subfield>
    <subfield code="b">il. a color</subfield>
    <subfield code="c">32 cm.</subfield>
  </datafield>
  <datafield tag="504" ind1=" " ind2=" ">
    <subfield code="a">Incluye referencias bibliogr&#xE1;ficas</subfield>
  </datafield>
  <datafield tag="505" ind1="0" ind2=" ">
    <subfield code="a">Contenido : v.1. Las primeras civilizaciones : prehistoria, Egipto, pr&#xF3;ximo oriente / Joan Sureda (5a ed.). -- v.2. La antig&#xFC;edad cl&#xE1;sica : Grecia, Roma y el mundo mediterr&#xE1;neo / Xavier Barral I Altet (2a ed.). -- v.3. La edad media : Bizancio-Islam / Joan Sureda : De Roma al prerrom&#xE1;nico / Xavier Barral Altel (2a ed.). -- v.4. La edad media : rom&#xE1;nico-g&#xF3;tico / Joan Sureda (4a ed.). -- v.5. El renacimiento I : el quattrocento italiano, la pintura flamenca (cap&#xED;tulo II) / Joan Sureda. La pintura flamenca(cap&#xED;tulo I) / Jos&#xE9; Milicua. -- v.6. Renacimiento(II) y manierismo : el cinquecento italiano / Jes&#xFA;s Hern&#xE1;ndez Perera. Espa&#xF1;a y Portugal, Francia, pa&#xED;ses bajos e Inglaterra / Santiago Alcolea Gil. Alemania y pa&#xED;ses Germ&#xE1;nicos / Joan Sureda. En los umbrales del barroco / Jos&#xE9; Milicua. -- v.7. Barroco y rococ&#xF3; / Jos&#xE9; Luis Morales y Mar&#xED;n (3a ed.). -- v.8. El siglo XIX / Erika Bornay (3a ed.). -- v.9. El siglo XX / Al&#xED;cia Su&#xE0;rez y Merc&#xE8; Vidal (2a ed.). -- v.10. &#xC1;frica, Am&#xE9;rica y Asia : arte primitivo / Carmen Huera. Am&#xE9;rica precolombina / Estela Ocampo. Extremo oriente / Luis Monreal y Tejeda (4a ed.). -- &#xDA;ltimas tendencias / Lourdes Cirlot</subfield>
  </datafield>
  <datafield tag="650" ind1="1" ind2="4">
    <subfield code="a">Arte</subfield>
    <subfield code="x">Historia</subfield>
    <subfield code="9">6008</subfield>
  </datafield>
  <datafield tag="650" ind1="1" ind2="4">
    <subfield code="a">Arte antiguo</subfield>
    <subfield code="x">Historia</subfield>
    <subfield code="9">6009</subfield>
  </datafield>
  <datafield tag="650" ind1="1" ind2="4">
    <subfield code="a">Arte moderno</subfield>
    <subfield code="x">Historia</subfield>
    <subfield code="y">Siglo XX</subfield>
    <subfield code="9">5041</subfield>
  </datafield>
  <datafield tag="740" ind1="0" ind2=" ">
    <subfield code="a">Las primeras civilizaciones : prehistoria, Egipto, pr&#xF3;ximo oriente</subfield>
  </datafield>
  <datafield tag="740" ind1="0" ind2=" ">
    <subfield code="a">La antig&#xFC;edad cl&#xE1;sica : Grecia, Roma y el mundo mediterr&#xE1;neo</subfield>
  </datafield>
  <datafield tag="740" ind1="0" ind2=" ">
    <subfield code="a">La edad media : Bizancio, Islam, Rom&#xE1;nico-G&#xF3;tico</subfield>
  </datafield>
  <datafield tag="740" ind1="0" ind2=" ">
    <subfield code="a">El renacimiento : el quattrocento italiano, la pintura flamenca</subfield>
  </datafield>
  <datafield tag="740" ind1="0" ind2=" ">
    <subfield code="a">Renacimiento y manierismo : el cinquecento italiano</subfield>
  </datafield>
  <datafield tag="740" ind1="0" ind2=" ">
    <subfield code="a">Barroco y rococ&#xF3;</subfield>
  </datafield>
  <datafield tag="740" ind1="0" ind2=" ">
    <subfield code="a">El siglo XIX</subfield>
  </datafield>
  <datafield tag="740" ind1="0" ind2=" ">
    <subfield code="a">El siglo XX</subfield>
  </datafield>
  <datafield tag="740" ind1="0" ind2=" ">
    <subfield code="a">&#xC1;frica, Am&#xE9;rica y Asia : arte primitivo</subfield>
  </datafield>
  <datafield tag="902" ind1=" " ind2=" ">
    <subfield code="a">REF</subfield>
  </datafield>
  <datafield tag="942" ind1=" " ind2=" ">
    <subfield code="2">lcc</subfield>
    <subfield code="c">B</subfield>
  </datafield>
  <datafield tag="999" ind1=" " ind2=" ">
    <subfield code="c">1726</subfield>
    <subfield code="d">1726</subfield>
  </datafield>
  <datafield tag="952" ind1=" " ind2=" ">
    <subfield code="0">0</subfield>
    <subfield code="1">0</subfield>
    <subfield code="4">0</subfield>
    <subfield code="7">0</subfield>
    <subfield code="a">BRCA</subfield>
    <subfield code="b">BRCA</subfield>
    <subfield code="d">2008-07-30</subfield>
    <subfield code="l">0</subfield>
    <subfield code="o">N5300 .M55 1988</subfield>
    <subfield code="p">REF00088</subfield>
    <subfield code="r">2019-03-22 00:00:00</subfield>
    <subfield code="w">2019-03-22</subfield>
    <subfield code="y">B</subfield>
  </datafield>
  <datafield tag="952" ind1=" " ind2=" ">
    <subfield code="0">0</subfield>
    <subfield code="1">0</subfield>
    <subfield code="4">0</subfield>
    <subfield code="7">0</subfield>
    <subfield code="8">REF</subfield>
    <subfield code="a">BRCA</subfield>
    <subfield code="b">BRCA</subfield>
    <subfield code="d">2010-11-18</subfield>
    <subfield code="l">0</subfield>
    <subfield code="o">N5300 .M55 1988</subfield>
    <subfield code="p">REF00089</subfield>
    <subfield code="r">2019-03-22 00:00:00</subfield>
    <subfield code="w">2019-03-22</subfield>
    <subfield code="y">B</subfield>
  </datafield>
  <datafield tag="952" ind1=" " ind2=" ">
    <subfield code="0">0</subfield>
    <subfield code="1">0</subfield>
    <subfield code="4">0</subfield>
    <subfield code="7">0</subfield>
    <subfield code="8">REF</subfield>
    <subfield code="a">BRCA</subfield>
    <subfield code="b">BRCA</subfield>
    <subfield code="d">2010-11-18</subfield>
    <subfield code="l">0</subfield>
    <subfield code="o">N5300 .M55 1988</subfield>
    <subfield code="p">REF00090</subfield>
    <subfield code="r">2019-03-22 00:00:00</subfield>
    <subfield code="w">2019-03-22</subfield>
    <subfield code="y">B</subfield>
  </datafield>
  <datafield tag="952" ind1=" " ind2=" ">
    <subfield code="0">0</subfield>
    <subfield code="1">0</subfield>
    <subfield code="4">0</subfield>
    <subfield code="7">0</subfield>
    <subfield code="8">REF</subfield>
    <subfield code="a">BRCA</subfield>
    <subfield code="b">BRCA</subfield>
    <subfield code="d">2010-11-18</subfield>
    <subfield code="l">0</subfield>
    <subfield code="o">N5300 .M55 1988</subfield>
    <subfield code="p">REF00091</subfield>
    <subfield code="r">2019-03-22 00:00:00</subfield>
    <subfield code="w">2019-03-22</subfield>
    <subfield code="y">B</subfield>
  </datafield>
  <datafield tag="952" ind1=" " ind2=" ">
    <subfield code="0">0</subfield>
    <subfield code="1">0</subfield>
    <subfield code="4">0</subfield>
    <subfield code="7">0</subfield>
    <subfield code="8">REF</subfield>
    <subfield code="a">BRCA</subfield>
    <subfield code="b">BRCA</subfield>
    <subfield code="d">2010-11-18</subfield>
    <subfield code="l">0</subfield>
    <subfield code="o">N5300 .M55 1988</subfield>
    <subfield code="p">REF00092</subfield>
    <subfield code="r">2019-03-22 00:00:00</subfield>
    <subfield code="w">2019-03-22</subfield>
    <subfield code="y">B</subfield>
  </datafield>
  <datafield tag="952" ind1=" " ind2=" ">
    <subfield code="0">0</subfield>
    <subfield code="1">0</subfield>
    <subfield code="4">0</subfield>
    <subfield code="7">0</subfield>
    <subfield code="8">REF</subfield>
    <subfield code="a">BRCA</subfield>
    <subfield code="b">BRCA</subfield>
    <subfield code="d">2010-11-18</subfield>
    <subfield code="l">0</subfield>
    <subfield code="o">N5300 .M55 1988</subfield>
    <subfield code="p">REF00093</subfield>
    <subfield code="r">2019-03-22 00:00:00</subfield>
    <subfield code="w">2019-03-22</subfield>
    <subfield code="y">B</subfield>
  </datafield>
  <datafield tag="952" ind1=" " ind2=" ">
    <subfield code="0">0</subfield>
    <subfield code="1">0</subfield>
    <subfield code="4">0</subfield>
    <subfield code="7">0</subfield>
    <subfield code="8">REF</subfield>
    <subfield code="a">BRCA</subfield>
    <subfield code="b">BRCA</subfield>
    <subfield code="d">2010-11-18</subfield>
    <subfield code="l">0</subfield>
    <subfield code="o">N5300 .M55 1988</subfield>
    <subfield code="p">REF00094</subfield>
    <subfield code="r">2019-03-22 00:00:00</subfield>
    <subfield code="w">2019-03-22</subfield>
    <subfield code="y">B</subfield>
  </datafield>
  <datafield tag="952" ind1=" " ind2=" ">
    <subfield code="0">0</subfield>
    <subfield code="1">0</subfield>
    <subfield code="4">0</subfield>
    <subfield code="7">0</subfield>
    <subfield code="8">REF</subfield>
    <subfield code="a">BRCA</subfield>
    <subfield code="b">BRCA</subfield>
    <subfield code="d">2010-11-18</subfield>
    <subfield code="l">0</subfield>
    <subfield code="o">N5300 .M55 1988</subfield>
    <subfield code="p">REF00095</subfield>
    <subfield code="r">2019-03-22 00:00:00</subfield>
    <subfield code="w">2019-03-22</subfield>
    <subfield code="y">B</subfield>
  </datafield>
  <datafield tag="952" ind1=" " ind2=" ">
    <subfield code="0">0</subfield>
    <subfield code="1">0</subfield>
    <subfield code="4">0</subfield>
    <subfield code="7">0</subfield>
    <subfield code="8">REF</subfield>
    <subfield code="a">BRCA</subfield>
    <subfield code="b">BRCA</subfield>
    <subfield code="d">2010-11-18</subfield>
    <subfield code="l">0</subfield>
    <subfield code="o">N5300 .M55 1988</subfield>
    <subfield code="p">REF00096</subfield>
    <subfield code="r">2019-03-22 00:00:00</subfield>
    <subfield code="w">2019-03-22</subfield>
    <subfield code="y">B</subfield>
  </datafield>
  <datafield tag="952" ind1=" " ind2=" ">
    <subfield code="0">0</subfield>
    <subfield code="1">0</subfield>
    <subfield code="4">0</subfield>
    <subfield code="7">0</subfield>
    <subfield code="8">REF</subfield>
    <subfield code="a">BRCA</subfield>
    <subfield code="b">BRCA</subfield>
    <subfield code="d">2010-11-18</subfield>
    <subfield code="l">0</subfield>
    <subfield code="o">N5300 .M55 1988</subfield>
    <subfield code="p">REF00097</subfield>
    <subfield code="r">2019-03-22 00:00:00</subfield>
    <subfield code="w">2019-03-22</subfield>
    <subfield code="y">B</subfield>
  </datafield>
  <datafield tag="952" ind1=" " ind2=" ">
    <subfield code="0">0</subfield>
    <subfield code="1">0</subfield>
    <subfield code="4">0</subfield>
    <subfield code="7">0</subfield>
    <subfield code="8">REF</subfield>
    <subfield code="a">BRCA</subfield>
    <subfield code="b">BRCA</subfield>
    <subfield code="d">2010-11-18</subfield>
    <subfield code="l">0</subfield>
    <subfield code="o">N5300 .M55 1988</subfield>
    <subfield code="p">REF00098</subfield>
    <subfield code="r">2019-03-22 00:00:00</subfield>
    <subfield code="w">2019-03-22</subfield>
    <subfield code="y">B</subfield>
  </datafield>
</record>
